000 02207nam a2200445 c 4500
003 BLK
005 20240229004023.0
008 180410b bul|||||r ||||||| ||bul||
010 _aKNG00173432000
020 _a978-954-09-0903-5
_bиздат.: Захарий Стоянов
040 _aBLK
041 _aBUL
_cBUL
072 7 _2bullib
_aН82
_xЛитературознание Н
080 _aБългарска литература
_b821.163.2
_x(092)
_z821.163.2(092)
080 _aБългарска литература
_b821.163.2
_x.09
_z821.163.2.09
080 _aГеорги Милев Касабов. Български поет и публицист, експресионист
_b929 Милев, Гео
_x
_z929 Милев, Гео
100 1 _aГранитски, Иван
_qДимитров, Иван Йорданов
_d1953-
_gЖурналист, литературен критик, теоретик и историк, поет, публицист и издател.
_eпърви автор
_955767
700 1 _aДимитров, Иван Йорданов
_e*
_9367043
139 _aГранитски, Иван
_bМ 57
245 1 0 _aГео Милев и трагиката на националната съдба
_cИван Гранитски; * Иван Йорданов Димитров.
257 _aBGR
260 София
_bЗахарий Стоянов
_c2014
_fСофия : ПК Д. Благоев
300 _a144 с.
_bс цв. ил.
_c22 см
380 _a82
500 _aИван Гранитски е псевд. на Иван Йорданов Димитров.
650 4 _aМилев, Гео
_9260705
650 4 _aПоети, български
_9241945
650 4 _aБългарска литература - история и критика
_9287605
651 4 _aБългария
_9241624
653 _aГео Милев
653 _aбългарски поети
653 _aбългарска литература
659 _aН
852 _aЦб 273483
856 4 _qpdf
_u
856 4 _qpdf
_u
942 _cKNG
_n0
_01
944 _aCR
_c23.03.2015
_lCRON CRON
_k
944 _aED
_c17.09.2015
_lф /
_kПенка_Димитрова
999 _c165794
_d165794